NFL team names in French - Statistics

General Stats
  • This quiz has been taken 61 times
  • The average score is 19 of 32
Answer Stats
French clue Full team name % Correct
Dauphins Miami Dolphins
100%
Saints New Orleans Saints
100%
Géants New York Giants
100%
Lions Detroit Lions
83%
Chefs Kansas City Chiefs
83%
Vikings Minnesota Vikings
83%
Patriotes New England Patriots
83%
Titans Tennessee Titans
83%
Faucons Atlanta Falcons
81%
Panthères Carolina Panthers
81%
Texans Houston Texans
81%
Jaguars Jacksonville Jaguars
81%
Cardinals Arizona Cardinals
80%
Boucaniers Tampa Bay Buccaneers
76%
Capitaines Washington Commanders
76%
Tigres Cincinnati Bengals
65%
Ours Chicago Bears
57%
Aigles Philadelphia Eagles
56%
Marrons Cleveland Browns
50%
Guillaumes Buffalo Bills
46%
Balbuzards Seattle Seahawks
44%
Mineurs San Francisco 49ers
41%
Chevaux sauvages Denver Broncos
39%
Giclées New York Jets
39%
Grands corbeaux Baltimore Ravens
33%
Pilleurs Las Vegas Raiders
33%
Chevaux de bataille Los Angeles Chargers
33%
Béliers Los Angeles Rams
33%
Sidérurgistes Pittsburgh Steelers
31%
Emballeurs Green Bay Packers
22%
Risque-Touts Dallas Cowboys
20%
Poulains Indianapolis Colts
20%
No matching quizzes found
Score Distribution
Percent of People with Each Score
Percentile by Number Answered
Your Score History
You have not taken this quiz